000 00543nam a2200181Ia 4500
003 GCL
008 140319s9999 xx 000 0 ara d
040 _aGCL /
_cGCL
082 0 4 _a301.36
_bط ع
100 1 _aطلعت ابراهيم لطفى
245 1 0 _aعلم الاجتماع الصناعى /
_cطلعت ابراهيم لطفى
300 _a200 ص ؛
_c24 سم .
490 _a
650 0 4 _aادارة الافراد
650 0 4 _aعلم النفس الصناعى
650 0 4 _aالعلاقات الصناعية
942 _2ddc
_cBK
999 _c44360
_d44360